Toutes les chansons de Kyo - Statistiques

Statistiques générales
  • Ce quiz a été pris 74 fois
    24 depuis la dernière actualisation
  • Le résultat moyen est 27 sur 85
Statistiques - réponses
Album Extrait Réponse % Correct
Le chemin J'ai longtemps parcouru son corps, effleuré cent fois son visage Dernière danse
95%
Le chemin Je vis suis le fantôme qui s'égare, je suis l'étranger à ton coeur Le chemin
90%
L'équilibre Quand on voit la Terre de l'espace on oublie ses problèmes Le graal
90%
Le chemin Pour m'en sortir je dois tenir et construire mon futur Je cours
86%
Le chemin Je te blesse dans un dernier effort Je saigne encore
81%
300 lésions On peut la voir sourire parfois depuis que son père dort Sarah
71%
Le chemin Venez assister ensemble au réveil d'un génération Tout envoyer en l'air
71%
L'équilibre La voix cassée par les larmes tu veux connaître tous les détails L'équilibre
62%
L'équilibre Entre ma conscience et moi deux poids deux mesures Poupées russes
57%
300 lésions J'veux marcher sans regret, brûler des pages entières Contact
52%
Le chemin J'ai prié mes dieux enfermé seul dans ma tour Pardonné
52%
Dans la peau Neuf comme un nouveau lycée, comme le miroir des premières fois Ton mec
52%
ULTRAVIOLENT S'élancer du balcon dans le vent ULTRAVIOLENT
52%
L'équilibre Prisonnier de tes hanches tu m'assènes le baiser de l'ange XY
52%
La part des lions ------------------------------------------ La part des lions
48%
La part des lions Le bonheur court toujours après l'horizon à vol d'oiseau blessé Mon époque
48%
L'équilibre Mon royaume assiégé, elle a annexé mon canapé White trash
48%
Le chemin Je n'veux plus d'adresse, je n'veux plus qu'en vain on se blesse Chaque seconde
43%
Dans la peau Je lève mon verre à la chaleur de l'épiderme Fremen
43%
L'équilibre Je chante la foudre pour que tu raisonnes à l'hymne à l'amour Madonne
43%
300 lésions On m'aimait bien dans ma rue, on me juge dans mon pays Qui je suis
43%
300 lésions Tu la sens la tempête qui dans nos têtes s'achève Sad day
43%
300 lésions J'ai tatoué son âme sous ma peau glaciale Ce soir
38%
ULTRAVIOLENT Ce soir la lune est pleine mais elle penche énormément HORS DU TEMPS
38%
Le chemin Et je rêve de former un arc en chair et en osmose avec la Terre Je te vends mon âme
38%
ULTRAVIOLENT Parler de nos vies en poésie c'est reparler de nous en vers K 17
38%
L'équilibre Si courte et si sensible, la loi la plus terrible La route
38%
ULTRAVIOLENT Non non on en fait pas des comme toi MARGARITA
38%
La part des lions Il n'y a rien de plus beau que la nuit noire indigo Margaux, Omar, Marlow
38%
La part des lions On n'est pas clandestin si on n'est pas contrôlé Stand up
38%
300 lésions C'est par amour pour moi, celui qui donne des ailes Dans ma chair
33%
L'équilibre Petits nous aimions l'odeur de l'essence, les vieux néons et les cierges Enfant du solstice
33%
ULTRAVIOLENT Il y a de toi partout dans les coins de ma ville L'ENTRE-MONDE
33%
La part des lions Ce sera mieux avant, la fin du commencement Quand je serai jeune
33%
Le chemin Comment se taire à l'idée du goût amer laissé Sur nos lèvres
33%
La part des lions Echoué sous ton porche, je perds la revanche pour faire la belle Touriste en hiver
33%
Dans la peau C'est mouvementé dans les allées, les alcôves Dans les cordes
29%
L'équilibre Des soleils brûlent dans nos bougies Nuits blanches
29%
La part des lions Des roses rouges ont fané au milieu des décombres Paris
29%
Dans la peau Quand la raison s'étiole sous les nuits de cobalt Plan A
29%
L'équilibre Et puisque le ciel comme le cygne est fait de beauté et de vice Récidiviste
29%
ULTRAVIOLENT Ma vie m'appartient pour toujours et le reste à l'histoire SOLEIL NOIR
29%
ULTRAVIOLENT Je fixe la mort jusqu'à ce qu'elle baisse les yeux VENDETTA
29%
Kyo Plus on attend plus c'est dur d'avouer qu'on a tous les torts C'est ma faute
24%
La part des lions Et moi je cherche ma majorette dans les flambeaux de sa montagne inerte Comète
24%
Le chemin Les mots ne viennent pas libérer le son de ma voix Comment te dire
24%
ULTRAVIOLENT Sous nos pieds le sol gronde, on est les tambours du monde HOSTILE
24%
300 lésions Mais un mot de toi pour ma peine, ma paranoïa sur tes lèvres L'enfer
24%
ULTRAVIOLENT La famille c'est des murs porteurs mais qui va les porter eux LES AMANTS
24%
La part des lions Je vis des afters d'after derrière mes murs de plâtre Mon immeuble
24%
L'équilibre Je brûlerai mon linge sale avant que tu n'me fauches On se tourne autour
24%
ULTRAVIOLENT Je sais que tu sais, la vie ne rend pas la monnaie PULSIONS
24%
La part des lions Je n'ai jamais voulu mourir jeune, mais seulement mourir avant toi Quitter la ville
24%
Best of Pour nous on parlait d'à jamais, pour toujours Comme des frères
19%
Dans la peau L'ombre du faible et du fort dépend de sa place au soleil Danse
19%
La part des lions Dans mes veines du sang bleu Enfant de la patrie
19%
ULTRAVIOLENT Dans la peine on est libres et égaux en droit FORMIDABLE
19%
L'équilibre Sur la buée des fenêtres le vestige de tes lèvres Les vents contraires
19%
Dans la peau Et je passe mon coeur dans des machines, je l'ouvre je le dessine Plus que mes doutes
19%
Dans la peau Pour toi je ferai parler la poudre jusqu'à ce que mon chargeur soit vide Prends-le
19%
300 lésions On est bien jeune et parfois c'est sur nos épaules trop étroites que réside le poids du ciel Respire
19%
300 lésions Allongé dans tes herbes, je te serre Révolutions
19%
Best of Mais c'est là qu'elle arrive, traîtresse magistrale Sous ces cils
19%
Le chemin On a construit des murailles privées de lumière Tout reste à faire
19%
ULTRAVIOLENT ------------------------------------------ XXXI X XXV
19%
La part des lions J'essaie seulement d'être heureux, en t'attendant en attendant mieux Après minuit
14%
Kyo On était tous les deux pour se séparer un moment Il est temps
14%
300 lésions Un ange reste un ange si on ne l'oublie pas Je te rêve encore
14%
300 lésions Capturer l'horizon où tout semble désert L'assaut des regards
14%
Dans la peau Il y a plus de faire-part que de vraies histoires La température
14%
Best of Moi je dois tout faire, colmater les plaies Le ciel s'indigne
14%
300 lésions ------------------------------------------ Oméga
14%
Dans la peau Le sexe fort est celui qui s'en sort Prends les coups
14%
Dans la peau Le coeur est lourd on fera toujours le poids Troisième pas
14%
Dans la peau Je n'ai pas le goût du risque j'ai le goût de l'enjeu 7 vies
10%
Kyo Je ne vous demande pas d'aimer si ça vous fait souffrir C'est pas juste
10%
Kyo Dans l'indifférence je sens que se meurt l'étincelle qui animait nos coeurs Je n'veux pas oublier
10%
Kyo Comme une revanche inespérée, comme une urgence à partager Mes racines et mes ailes
10%
Dans la peau Hé, on s'est retrouvé parachutés, dans les rues ici à la volée Plus à gagner qu'à perdre
10%
Kyo J'ai des voyages plein les yeux, des rêves couleur d'océan Comme le monde est grand
5%
Kyo Entendez-vous enfin les cris qui ne demandent qu'à se taire Fermons les yeux
5%
Kyo Faut pas que tu t'accroches à ta solitude La vérité nous ment
5%
Kyo L'énergie nouvelle voyage dans mes veines Regardez-moi
5%
Kyo Le temps me vole ce que j'ai de plus cher Telle est ma prière
5%
Kyo J'ai grandi sans toi, trop longtemps je crois Un sourire aux anges
5%
Aucun quiz correspondant
Distribution des résultats
% des personnes avec chaque résultat
Percentile par nombre de réponses
Votre historique - résultats
Vous n’avez pas pris ce quiz depuis la dernière actualisation